[Event "4NCL Online Division 6"]
[Site "online"]
[Date "2021.02.23"]
[EventDate "2021.02.23"]
[Round "3.64"]
[White "Waite, Nicholas"]
[WhiteElo "1362"]
[WhiteTeam "Bradford DCA Knights C"]
[Black "Gliddon, Daniel J"]
[BlackElo "1696"]
[BlackTeam "Wolfpack 1"]
[Result "0-1"]
[PlyCount "50"]

1. c4 Nf6 2. Nc3 g6 3. g3 Bg7 4. Bg2 O-O 5. e4 e5 6. Nge2 Nc6 7. d3 d6 8. O-O Be6 9. Nd5 Nd7 10. Be3 Ne7 11. Qd2 c6 12. Nxe7+ Qxe7 13. Bh6 f5 14. Bxg7 Qxg7 15. exf5 Bxf5 16. d4 Nb6 17. b3 Rad8 18. dxe5 dxe5 19. Qa5 Nc8 20. Rad1 Rxd1 21. Rxd1 Qf6 22. f4 exf4 23. Nxf4 Bg4 24. Rd2 g5 25. Nh3 Qa1+ 0-1

[Event "4NCL Online Division 6"]
[Site "online"]
[Date "2021.02.23"]
[EventDate "2021.02.23"]
[Round "3.71"]
[White "Spurr, Michael"]
[WhiteElo "1860"]
[WhiteTeam "Redbridge All Sorts 2"]
[Black "Morrison, Munroe L"]
[BlackElo "1637"]
[BlackTeam "War & Piece 2"]
[Result "1/2-1/2"]
[PlyCount "60"]

1. d4 g6 2. Nc3 d6 3. Bf4 c6 4. e4 Nd7 5. Nf3 Bg7 6. Qd2 e5 7. dxe5 dxe5 8. Bg5 Ngf6 9. O-O-O Qe7 10. Kb1 h6 11. Bh4 b5 12. a3 O-O 13. Qd6 Qxd6 14. Rxd6 Bb7 15. Bxf6 Nxf6 16. Nxe5 Nxe4 17. Nxe4 Bxe5 18. Rd7 Bc8 19. Re7 Bg7 20. Bd3 Bf5 21. Re1 Be6 22. Nc5 Bd5 23. f3 Rfd8 24. Nb7 Rdb8 25. Nd6 Bf8 26. Re8 Kg7 27. Rxb8 Rxb8 28. Ne8+ Kh8 29. Nf6 Be6 30. Kc1 Kg7 1/2-1/2

[Event "4NCL Online Division 6"]
[Site "online"]
[Date "2021.02.23"]
[EventDate "2021.02.23"]
[Round "3.72"]
[White "Chapman, Chas"]
[WhiteElo "1566"]
[WhiteTeam "War & Piece 2"]
[Black "Muhunthan, Charukgan"]
[BlackElo "1802"]
[BlackTeam "Redbridge All Sorts 2"]
[Result "0-1"]
[PlyCount "56"]

1. e4 c5 2. Nf3 Nc6 3. d4 cxd4 4. Nxd4 e5 5. Nf3 Nf6 6. Bd3 Bc5 7. O-O O-O 8. Re1 d6 9. Be3 Bxe3 10. Rxe3 d5 11. exd5 Nxd5 12. Re1 Nf4 13. Re3 Be6 14. Nc3 Qe7 15. g3 Nxd3 16. Rxd3 Rfd8 17. Rxd8+ Rxd8 18. Qe2 Bg4 19. Rd1 Rxd1+ 20. Nxd1 Nd4 21. Qe4 Bxf3 22. Qd3 Bc6 23. Ne3 Qd7 24. f4 Qh3 25. c3 Nf3+ 26. Kf2 Qxh2+ 27. Ng2 Qg1+ 28. Ke2 Qxg2+ 0-1

[Event "4NCL Online Division 6"]
[Site "online"]
[Date "2021.02.23"]
[EventDate "2021.02.23"]
[Round "3.73"]
[White "McCarron, Peter D J"]
[WhiteElo "1694"]
[WhiteTeam "Redbridge All Sorts 2"]
[Black "Thomas, Jacob"]
[BlackElo "1452"]
[BlackTeam "War & Piece 2"]
[Result "1-0"]
[PlyCount "47"]

1. c4 Nf6 2. Nc3 g6 3. d4 Bg7 4. Nf3 d5 5. Bg5 b6 6. e3 Nbd7 7. cxd5 h6 8. Bh4 Bb7 9. Bc4 a6 10. a4 O-O 11. O-O Ne8 12. Qe2 Ndf6 13. Rac1 Nxd5 14. Nxd5 Bxd5 15. Bxd5 Qxd5 16. Bxe7 a5 17. Qc4 Qd7 18. Bxf8 Kxf8 19. Qc6 Qd8 20. Rfd1 Rc8 21. Ne5 Qg5 22. Qd7 Nd6 23. Nxf7 Qg4 24. Qxg4 1-0

[Event "4NCL Online Division 6"]
[Site "online"]
[Date "2021.02.23"]
[EventDate "2021.02.23"]
[Round "3.74"]
[White "O'Neill, Stephen G"]
[WhiteElo "1423"]
[WhiteTeam "War & Piece 2"]
[Black "Wilson, Michael GA"]
[BlackElo "1688"]
[BlackTeam "Redbridge All Sorts 2"]
[Result "0-1"]
[PlyCount "92"]

1. d4 Nf6 2. Nf3 d5 3. Bf4 c5 4. e3 Nc6 5. Nbd2 Qb6 6. b3 cxd4 7. exd4 Bf5 8. Be2 e6 9. O-O Be7 10. Ne5 Qxd4 11. Ndf3 Qxd1 12. Bxd1 O-O 13. Rc1 Ba3 14. Rb1 Rac8 15. Re1 h6 16. Bc1 Bxc1 17. Nxc6 Rxc6 18. Rxc1 Bh7 19. Ne5 Rc3 20. Re3 Rfc8 21. Nf3 Rxe3 22. fxe3 Ng4 23. c4 Nxe3 24. Be2 f6 25. Nd4 e5 26. Nb5 a6 27. Nd6 Rc7 28. Rc3 d4 29. Rc1 Nf5 30. Ne4 Ne7 31. Bf3 Bxe4 32. Bxe4 f5 33. Bf3 e4 34. Bd1 Kf7 35. Kf2 Nc6 36. a3 Ne5 37. Kg3 g5 38. h4 Kf6 39. Bh5 g4 40. Rf1 a5 41. a4 b6 42. Rf4 Rc5 43. Rf1 e3 44. Rf4 e2 45. Kf2 Nd3+ 46. Kxe2 Nxf4+ 0-1

[Event "4NCL Online Division 6"]
[Site "online"]
[Date "2021.02.23"]
[EventDate "2021.02.23"]
[Round "3.81"]
[White "Janota, Paul S"]
[WhiteElo "1795"]
[WhiteTeam "Maidenhead 2"]
[Black "Valentine, Brian J"]
[BlackElo "1922"]
[BlackTeam "MK Phoenix 3"]
[Result "0-1"]
[PlyCount "62"]

1. e4 e5 2. f4 d5 3. exd5 exf4 4. Nf3 Nf6 5. Bb5+ c6 6. dxc6 Nxc6 7. O-O Qb6+ 8. d4 Qxb5 9. Re1+ Be7 10. Bxf4 O-O 11. Nc3 Qf5 12. Qd2 Bb4 13. Rad1 Be6 14. a3 Bxc3 15. bxc3 Ne4 16. Qe3 Nf6 17. Bg5 Bd5 18. Nh4 Qg4 19. h3 Qd7 20. Bxf6 gxf6 21. Qf4 Rad8 22. Qxf6 Qd6 23. Qg5+ Kh8 24. Rd2 Rg8 25. Qh5 Qg3 26. Rf2 Qg5 27. Qxg5 Rxg5 28. Nf5 Bxg2 29. Rxg2 Rxf5 30. c4 Nxd4 31. Re7 Nf3+ 0-1

[Event "4NCL Online Division 6"]
[Site "online"]
[Date "2021.02.23"]
[EventDate "2021.02.23"]
[Round "3.82"]
[White "Habershon, Paul F"]
[WhiteElo "1948"]
[WhiteTeam "MK Phoenix 3"]
[Black "Castaneda, William"]
[BlackElo "1653"]
[BlackTeam "Maidenhead 2"]
[Result "1-0"]
[PlyCount "99"]

1. e4 e5 2. Nf3 Nc6 3. d4 exd4 4. Nxd4 Bc5 5. Nb3 Bb6 6. a4 a6 7. Nc3 Nge7 8. Qe2 O-O 9. Be3 Bxe3 10. Qxe3 d6 11. Be2 f5 12. O-O f4 13. Qd2 Ne5 14. f3 Rf6 15. Rad1 Qf8 16. Nd5 Nxd5 17. Qxd5+ Kh8 18. Nd2 Rb8 19. Qa5 Qf7 20. b3 Be6 21. Qb4 Nc6 22. Qc3 Rh6 23. Rf2 Qh5 24. Nf1 Qf7 25. Bxa6 Ne5 26. Be2 Rg6 27. Qd4 h5 28. Nd2 h4 29. Nc4 Nc6 30. Qd2 h3 31. Bf1 Qf6 32. Kh1 hxg2+ 33. Rxg2 Rh6 34. Qf2 b6 35. Bd3 Bh3 36. Rgg1 Be6 37. Rde1 Rd8 38. Nd2 Ne5 39. Qg2 Nf7 40. Bc4 Bh3 41. Qf2 Ng5 42. Bf1 Be6 43. Qe2 Qe7 44. Bg2 Qd7 45. Bf1 Qe7 46. Qf2 Kg8 47. e5 d5 48. c4 g6 49. cxd5 Bh3 50. Ne4 1-0

[Event "4NCL Online Division 6"]
[Site "online"]
[Date "2021.02.23"]
[EventDate "2021.02.23"]
[Round "3.83"]
[White "Koppuravuri, Shrihan"]
[WhiteElo "1475"]
[WhiteTeam "Maidenhead 2"]
[Black "Whiteside, Robert"]
[BlackElo "1876"]
[BlackTeam "MK Phoenix 3"]
[Result "1/2-1/2"]
[PlyCount "64"]

1. e4 e6 2. d4 d5 3. exd5 exd5 4. Nf3 Bd6 5. h3 Nc6 6. c4 dxc4 7. Bxc4 Nge7 8. O-O O-O 9. Nc3 Na5 10. Bd3 Bf5 11. Be3 Bxd3 12. Qxd3 Ng6 13. Rad1 Nc6 14. Ne4 Re8 15. Nxd6 Qxd6 16. a3 Rad8 17. Bg5 Nce7 18. Rfe1 c6 19. Nh4 f6 20. Nxg6 Nxg6 21. Rxe8+ Rxe8 22. Be3 Ne7 23. Qb3+ Nd5 24. Qxb7 Rb8 25. Qxa7 Rxb2 26. Qc5 Qxc5 27. dxc5 Ra2 28. Rd3 Ra1+ 29. Kh2 Kf7 30. Kg3 g5 31. h4 h6 32. hxg5 hxg5 1/2-1/2

[Event "4NCL Online Division 6"]
[Site "online"]
[Date "2021.02.23"]
[EventDate "2021.02.23"]
[Round "3.84"]
[White "Matthews, Adrian M S"]
[WhiteElo "1883"]
[WhiteTeam "MK Phoenix 3"]
[Black "Nallaperumal, Kasi Veshagan"]
[BlackElo "1495"]
[BlackTeam "Maidenhead 2"]
[Result "1-0"]
[PlyCount "71"]

1. d4 Nf6 2. Nc3 d5 3. Bg5 Nc6 4. Bxf6 exf6 5. e3 Bf5 6. Bb5 a6 7. Ba4 b5 8. Bb3 Nb4 9. a3 Nc6 10. Bxd5 Qd7 11. Qf3 Nxd4 12. exd4 Qe7+ 13. Qe2 Qxe2+ 14. Ngxe2 Rd8 15. Bc6+ Bd7 16. Bxd7+ Rxd7 17. O-O-O Bd6 18. Ne4 Be7 19. Nc5 Rd6 20. Nc3 O-O 21. Rhe1 Re8 22. Nb7 Rc6 23. Na5 Rd6 24. d5 Kf8 25. Nc6 f5 26. Nxe7 Rxe7 27. Rxe7 Kxe7 28. f4 Rh6 29. h3 Rh4 30. Ne2 Kd6 31. Rd3 Rh6 32. Nd4 Rf6 33. Nf3 Kc5 34. b4+ Kc4 35. Kb2 c5 36. Ne5# 1-0

[Event "4NCL Online Division 6"]
[Site "online"]
[Date "2021.02.23"]
[EventDate "2021.02.23"]
[Round "3.91"]
[White "Salter, Ivor"]
[WhiteElo "1555"]
[WhiteTeam "Shropshire 5"]
[Black "Smith, Richard AL"]
[BlackElo "1728"]
[BlackTeam "Camborne Pendarves"]
[Result "1-0"]
[PlyCount "81"]

1. e4 e5 2. Nf3 f5 3. d4 fxe4 4. Nxe5 Nf6 5. Bc4 d5 6. Bb3 Bd6 7. Bf4 O-O 8. O-O Qe7 9. c4 c6 10. cxd5 cxd5 11. Nc3 Be6 12. Bg5 Nbd7 13. Nxd5 Bxd5 14. Bxd5+ Kh8 15. Nxd7 Qxd7 16. Bb3 Rad8 17. h3 Qf5 18. Be3 Qg6 19. Rc1 Nh5 20. Qe1 Rf3 21. Kh1 Rdf8 22. gxf3 Rxf3 23. Rc8+ Bf8 24. Rxf8+ Rxf8 25. Rg1 Qf5 26. Kh2 Nf4 27. Rg3 Nd3 28. Qg1 Nxf2 29. Qxf2 Qxf2+ 30. Bxf2 Rxf2+ 31. Rg2 Rf3 32. d5 Rd3 33. Re2 e3 34. Kg2 Kg8 35. Kf3 Kf8 36. Rxe3 Rxe3+ 37. Kxe3 Ke7 38. Ke4 Kd6 39. h4 b5 40. a3 a6 41. h5 1-0

[Event "4NCL Online Division 6"]
[Site "online"]
[Date "2021.02.23"]
[EventDate "2021.02.23"]
[Round "3.92"]
[White "Macphail, Kieran"]
[WhiteElo "1659"]
[WhiteTeam "Camborne Pendarves"]
[Black "Holmes, Nick D"]
[BlackElo "1534"]
[BlackTeam "Shropshire 5"]
[Result "0-1"]
[PlyCount "106"]

1. e4 d6 2. d4 Nf6 3. Nc3 g6 4. Be3 Bg7 5. h3 O-O 6. f4 c6 7. Nf3 b5 8. e5 dxe5 9. fxe5 Nd5 10. Nxd5 Qxd5 11. Bd3 Na6 12. c3 Nc7 13. O-O Be6 14. Qd2 Qd7 15. Ng5 f6 16. Nxe6 Nxe6 17. exf6 exf6 18. Bc2 Rad8 19. Rad1 a5 20. Rfe1 a4 21. b3 a3 22. b4 Kh8 23. Qc1 Ra8 24. Bb3 Nc7 25. d5 cxd5 26. Bc5 Rfe8 27. Rxe8+ Qxe8 28. Re1 Qc8 29. Qe3 h5 30. Qe7 Qe8 31. Qxe8+ Rxe8 32. Rxe8+ Nxe8 33. Bxd5 f5 34. Bd4 Bxd4+ 35. cxd4 Nd6 36. Kf2 g5 37. h4 g4 38. Kg3 Kg7 39. Kf4 Kf6 40. Bc6 Kg6 41. Ke5 Nc4+ 42. Ke6 f4 43. d5 f3 44. gxf3 g3 45. f4 g2 46. f5+ Kh6 47. d6 g1=Q 48. f6 Qe3+ 49. Kd7 Qd4 50. f7 Qxd6+ 51. Ke8 Qxc6+ 52. Kd8 Qf6+ 53. Ke8 Nd6+ 0-1

[Event "4NCL Online Division 6"]
[Site "online"]
[Date "2021.02.23"]
[EventDate "2021.02.23"]
[Round "3.93"]
[White "Jones, Andrew"]
[WhiteElo "1506"]
[WhiteTeam "Shropshire 5"]
[Black "Pope, Martin"]
[BlackElo "1651"]
[BlackTeam "Camborne Pendarves"]
[Result "1/2-1/2"]
[PlyCount "72"]

1. c4 e6 2. d4 d5 3. Nf3 Nf6 4. Bg5 Be7 5. Nc3 Ne4 6. Bxe7 Qxe7 7. e3 c6 8. cxd5 exd5 9. h3 Nd7 10. Rb1 O-O 11. Bd3 f5 12. O-O g5 13. Bxe4 fxe4 14. Nh2 Nf6 15. Qe2 Bd7 16. f3 exf3 17. Nxf3 g4 18. Ne5 gxh3 19. Nxd7 Qxd7 20. Qe1 Kh8 21. Qh4 Qg7 22. Qxh3 Rae8 23. Ne2 Ng4 24. Rxf8+ Rxf8 25. Nf4 Re8 26. Re1 Nf6 27. Ne6 Qe7 28. Nf4 Rg8 29. Rf1 Ne4 30. Ne6 Ng5 31. Nxg5 Rxg5 32. Qf3 Rg8 33. Qf6+ Qxf6 34. Rxf6 Rg7 35. Rf8+ Rg8 36. Rf7 Rg7 1/2-1/2

[Event "4NCL Online Division 6"]
[Site "online"]
[Date "2021.02.23"]
[EventDate "2021.02.23"]
[Round "3.94"]
[White "Oates, Thomas"]
[WhiteElo "1645"]
[WhiteTeam "Camborne Pendarves"]
[Black "Bonner, Dennis M"]
[BlackElo "1495"]
[BlackTeam "Shropshire 5"]
[Result "1-0"]
[PlyCount "67"]

1. d4 Nf6 2. c4 e6 3. Nc3 Bb4 4. Qc2 d5 5. cxd5 exd5 6. Bg5 c5 7. e3 h6 8. Bxf6 Qxf6 9. Nf3 Bf5 10. Bd3 Bxd3 11. Qxd3 c4 12. Qc2 O-O 13. O-O Bxc3 14. Qxc3 Nc6 15. b3 b5 16. bxc4 bxc4 17. Rfe1 Rab8 18. e4 dxe4 19. Rxe4 Qf5 20. Rae1 Rb1 21. Rxb1 Qxe4 22. Rc1 Rb8 23. Qxc4 Nb4 24. Ne5 Qf5 25. Qc7 Re8 26. Qxa7 Nd3 27. Nxd3 Qxd3 28. Qc5 Qd2 29. Qc4 Re2 30. Qc8+ Kh7 31. Qf5+ g6 32. Qxf7+ Kh8 33. Rc8+ Re8 34. Rxe8# 1-0

[Event "4NCL Online Division 6"]
[Site "online"]
[Date "2021.02.23"]
[EventDate "2021.02.23"]
[Round "3.101"]
[White "Davies, Adrian"]
[WhiteElo "1676"]
[WhiteTeam "Morriston Benko"]
[Black "Nancarrow, Richard"]
[BlackElo "1546"]
[BlackTeam "Jan Luke's Cyberwarriors"]
[Result "0-1"]
[PlyCount "40"]

1. e4 e5 2. f4 exf4 3. Nf3 d6 4. d4 g6 5. Bxf4 Bg7 6. c3 Nf6 7. Bd3 O-O 8. O-O Nc6 9. Nbd2 a6 10. Qc2 Re8 11. Rae1 Nh5 12. Be3 Nf6 13. Bg5 Ne7 14. Nh4 Nd7 15. Bc4 Rf8 16. Qb3 Qe8 17. Rxf7 Rxf7 18. Rf1 d5 19. Rxf7 dxc4 20. Rxe7 Qxe7 0-1

[Event "4NCL Online Division 6"]
[Site "online"]
[Date "2021.02.23"]
[EventDate "2021.02.23"]
[Round "3.102"]
[White "Spargo, Philip J"]
[WhiteElo "1438"]
[WhiteTeam "Jan Luke's Cyberwarriors"]
[Black "Jones, Huw"]
[BlackElo "1657"]
[BlackTeam "Morriston Benko"]
[Result "1-0"]
[PlyCount "87"]

1. e4 c5 2. d3 e6 3. Nf3 Nc6 4. Be2 d5 5. exd5 exd5 6. O-O Bd6 7. Nc3 Nge7 8. Nb5 Bb8 9. Nc3 O-O 10. Bd2 Bf5 11. Nh4 Be6 12. Nf3 a6 13. Qc1 Ng6 14. a3 b5 15. Nd1 d4 16. b3 Qd6 17. g3 Bd5 18. Nb2 f5 19. Bg5 f4 20. Bh4 Nxh4 21. Nxh4 f3 22. Bd1 Qe6 23. Qg5 Bd6 24. Bxf3 Bxf3 25. Rae1 Qf7 26. Nxf3 Qxf3 27. Re4 Qf5 28. Qxf5 Rxf5 29. Rfe1 Re5 30. f4 Re7 31. a4 Rae8 32. axb5 axb5 33. Kf2 Kf7 34. Kf3 g6 35. Nd1 Nb4 36. R1e2 Nd5 37. h4 h5 38. Kf2 Nf6 39. Rxe7+ Rxe7 40. Rxe7+ Kxe7 41. Kf3 Ke6 42. Nf2 Kf5 43. Nd1 Ng4 44. Ke2 1-0

[Event "4NCL Online Division 6"]
[Site "online"]
[Date "2021.02.23"]
[EventDate "2021.02.23"]
[Round "3.103"]
[White "Williams, Luke"]
[WhiteElo "1642"]
[WhiteTeam "Morriston Benko"]
[Black "Scully, Pat"]
[BlackElo "1495"]
[BlackTeam "Jan Luke's Cyberwarriors"]
[Result "1-0"]
[PlyCount "43"]

1. e4 c6 2. d4 d5 3. exd5 cxd5 4. Nf3 Nc6 5. Bg5 Bg4 6. Bb5 Bxf3 7. Qxf3 f6 8. Bf4 Qa5+ 9. Nc3 a6 10. Ba4 b5 11. Bb3 Nxd4 12. Qxd5 Qd8 13. Qf7+ Kd7 14. Be6+ Nxe6 15. O-O-O+ Kc6 16. Qxe6+ Kc5 17. Ne4+ Kb4 18. Bd2+ Qxd2+ 19. Rxd2 Ka5 20. a3 g6 21. b4+ Ka4 22. Qb3# 1-0

[Event "4NCL Online Division 6"]
[Site "online"]
[Date "2021.02.23"]
[EventDate "2021.02.23"]
[Round "3.104"]
[White "James, John"]
[WhiteElo "1281"]
[WhiteTeam "Jan Luke's Cyberwarriors"]
[Black "Tonks, Brian"]
[BlackElo "1400"]
[BlackTeam "Morriston Benko"]
[Result "1/2-1/2"]
[PlyCount "81"]

1. d4 d5 2. Bf4 Nf6 3. e3 e6 4. Nf3 Bd6 5. Ne5 Nbd7 6. Be2 Bb4+ 7. c3 Ba5 8. Qa4 Bb6 9. O-O O-O 10. Nd2 c6 11. Ndf3 Nh5 12. Nxd7 Bxd7 13. Ne5 Nxf4 14. exf4 Be8 15. Qc2 c5 16. dxc5 Bxc5 17. b4 Bd6 18. Rad1 f6 19. Nd3 Rc8 20. a3 Qd7 21. Rc1 Rc7 22. g3 Bg6 23. Qd1 Rfc8 24. Qb3 Be8 25. Bd1 Rc6 26. Be2 Qc7 27. Qb2 Rxc3 28. Rxc3 Qxc3 29. Qxc3 Rxc3 30. Ra1 Bg6 31. Nc1 d4 32. Bb5 Kf8 33. Ne2 Rc7 34. Nxd4 e5 35. Ne6+ Ke7 36. Nxc7 Bxc7 37. Rc1 Bb6 38. Rc8 exf4 39. gxf4 a6 40. Bc4 Be4 41. Kf1 1/2-1/2

[Event "4NCL Online Division 6"]
[Site "online"]
[Date "2021.02.23"]
[EventDate "2021.02.23"]
[Round "3.111"]
[White "Rudd, David R"]
[WhiteElo "1693"]
[WhiteTeam "Hertford 3"]
[Black "Thackray, John"]
[BlackElo "1916"]
[BlackTeam "St Andrews White Cross 1"]
[Result "0-1"]
[PlyCount "102"]

1. b4 e5 2. Bb2 d6 3. b5 Bd7 4. e3 a6 5. a4 axb5 6. axb5 Rxa1 7. Bxa1 c6 8. c4 Nf6 9. Nf3 Be7 10. Be2 O-O 11. O-O Bg4 12. d4 e4 13. Nfd2 Bxe2 14. Qxe2 d5 15. cxd5 cxd5 16. Nc3 Nbd7 17. Qd1 Bd6 18. h3 Re8 19. Qb3 Nb6 20. Bb2 Bb8 21. Ne2 Qd6 22. g3 Qd7 23. Kg2 Bd6 24. Ba3 Bxa3 25. Qxa3 Qxb5 26. Nc3 Qc6 27. Rc1 Qe6 28. Qa7 Qc6 29. Ne2 Nc4 30. Nb3 b6 31. Qa2 Ra8 32. Qc2 Rc8 33. Qa2 h6 34. Nd2 Ra8 35. Qc2 b5 36. Nb3 Nd7 37. Nf4 Ndb6 38. Nc5 Ra3 39. Rb1 Rxe3 40. Rb3 Rxb3 41. Qxb3 Nd2 42. Qa2 Nf3 43. Ne2 Nxd4 44. Nxd4 Qxc5 45. Nf5 d4 46. Qa7 Qxf5 47. Qxb6 Qd5 48. Qb8+ Kh7 49. Kf1 d3 50. Ke1 Qa2 51. Qf4 Qe2# 0-1

[Event "4NCL Online Division 6"]
[Site "online"]
[Date "2021.02.23"]
[EventDate "2021.02.23"]
[Round "3.112"]
[White "Rich, Aaron"]
[WhiteElo "1627"]
[WhiteTeam "St Andrews White Cross 1"]
[Black "Wooster, Nick"]
[BlackElo "1649"]
[BlackTeam "Hertford 3"]
[Result "1-0"]
[PlyCount "147"]

1. b3 d5 2. Bb2 c5 3. e3 Nf6 4. f4 Nc6 5. Nf3 Bg4 6. Be2 e6 7. Ne5 Bxe2 8. Qxe2 Be7 9. O-O O-O 10. d3 a6 11. Nd2 Rc8 12. a4 h6 13. Ndf3 Nh7 14. Qf2 Bf6 15. Qg3 Kh8 16. Nd2 Ne7 17. e4 d4 18. Ndc4 Nc6 19. Ba3 Nb4 20. Bxb4 cxb4 21. Rf2 Bh4 22. Qg4 Bxf2+ 23. Kxf2 Nf6 24. Qh3 b5 25. axb5 axb5 26. Ra7 Rc7 27. Rxc7 Qxc7 28. Nd2 Qxc2 29. Ke2 Kg8 30. f5 exf5 31. Qxf5 Qc8 32. Qf2 Ng4 33. Qxd4 Nxe5 34. Qxe5 Qg4+ 35. Kf2 Qg5 36. Qxg5 hxg5 37. d4 f6 38. d5 Rd8 39. Ke3 Kf7 40. Kd4 Rc8 41. Nf3 g4 42. Nd2 Rc2 43. Kd3 Rc3+ 44. Kd4 Ke7 45. e5 fxe5+ 46. Kxe5 Rc2 47. d6+ Kd7 48. Ne4 Re2 49. Kd5 Rxe4 50. Kxe4 Kxd6 51. Kd4 Kc6 52. h3 gxh3 53. gxh3 Kd6 54. h4 g6 55. Ke4 Kc5 56. Ke5 Kc6 57. Kf6 Kc5 58. Kxg6 Kd4 59. h5 Kc3 60. h6 Kxb3 61. h7 Kc2 62. h8=Q b3 63. Qc8+ Kd2 64. Qd7+ Kc2 65. Qc6+ Kb1 66. Qxb5 b2 67. Kf5 Kc1 68. Qc4+ Kb1 69. Ke5 Ka1 70. Qa4+ Kb1 71. Kd4 Kc1 72. Qc4+ Kd1 73. Qa2 Kc1 74. Kc3 1-0

[Event "4NCL Online Division 6"]
[Site "online"]
[Date "2021.02.23"]
[EventDate "2021.02.23"]
[Round "3.113"]
[White "Hutton, Allan"]
[WhiteElo "1563"]
[WhiteTeam "Hertford 3"]
[Black "Scott, Ian"]
[BlackElo "1578"]
[BlackTeam "St Andrews White Cross 1"]
[Result "1/2-1/2"]
[PlyCount "74"]

1. d4 Nf6 2. Nf3 g6 3. g3 Bg7 4. Bg2 c5 5. c3 O-O 6. O-O d5 7. Nbd2 Nc6 8. Re1 Bg4 9. h3 Bf5 10. Nh4 Bd7 11. e4 cxd4 12. exd5 dxc3 13. bxc3 Na5 14. Ba3 Re8 15. c4 Rc8 16. Rc1 b6 17. Nhf3 Nb7 18. Ne5 Nc5 19. Nb3 e6 20. Nxc5 bxc5 21. Nxd7 Qxd7 22. dxe6 fxe6 23. Qxd7 Nxd7 24. Rcd1 Bd4 25. Bc1 Nb6 26. Bf1 Rf8 27. Be3 e5 28. Kg2 Rf7 29. Rc1 Rcf8 30. Rc2 Na4 31. Bd3 Nb6 32. Be4 Rf6 33. f3 Kg7 34. Bg5 R6f7 35. Be3 Rf6 36. Bg5 R6f7 37. Be3 Rf6 1/2-1/2

[Event "4NCL Online Division 6"]
[Site "online"]
[Date "2021.02.23"]
[EventDate "2021.02.23"]
[Round "3.114"]
[White "Triffitt, Bradley"]
[WhiteElo "1549"]
[WhiteTeam "St Andrews White Cross 1"]
[Black "Zsibrita, Steve"]
[BlackElo "1485"]
[BlackTeam "Hertford 3"]
[Result "1-0"]
[PlyCount "55"]

1. d4 d5 2. c4 c6 3. Nc3 e6 4. Nf3 h6 5. Bd2 Nf6 6. e3 Nbd7 7. cxd5 cxd5 8. Rc1 a6 9. Bd3 Bd6 10. O-O O-O 11. Re1 b5 12. e4 dxe4 13. Nxe4 Nxe4 14. Bxe4 Rb8 15. Qb3 Nf6 16. Bb1 Bb7 17. Red1 Bd5 18. Qd3 Bc4 19. Qe3 Qe7 20. Ne5 Bxe5 21. dxe5 Ng4 22. Qg3 Nxf2 23. Qxf2 Rfd8 24. Be3 Bd5 25. Qc2 f5 26. exf6 Qxf6 27. Qh7+ Kf7 28. Rf1 1-0

[Event "4NCL Online Division 6"]
[Site "online"]
[Date "2021.02.23"]
[EventDate "2021.02.23"]
[Round "3.121"]
[White "Clark, Richard"]
[WhiteElo "1885"]
[WhiteTeam "Cornish Pirates"]
[Black "Vann, Richard P"]
[BlackElo "1829"]
[BlackTeam "Ashby Ivanhoe"]
[Result "0-1"]
[PlyCount "142"]

1. b4 e6 2. Bb2 Nf6 3. a3 c5 4. b5 d5 5. e3 Be7 6. c4 O-O 7. Nf3 Nbd7 8. d4 Nb6 9. cxd5 Nbxd5 10. dxc5 Bxc5 11. Nc3 Qa5 12. Qd2 b6 13. Nxd5 Qxd2+ 14. Nxd2 Nxd5 15. Bd3 Bb7 16. Ke2 Rac8 17. h4 Rfd8 18. Rh3 Be7 19. Ne4 f5 20. Ng5 Nc3+ 21. Bxc3 Rxc3 22. Rd1 Bxg2 23. Rg3 Bd5 24. a4 Rxd3 25. Rxd3 Bc4 26. Nxe6 Bxd3+ 27. Kd2 Bb4+ 28. Kc1 Rc8+ 29. Kb2 Bc3+ 30. Ka3 Be5 31. f4 Bf6 32. Nd4 Bxd4 33. exd4 Be4 34. Kb4 Kf7 35. a5 bxa5+ 36. Kxa5 Rc4 37. b6 axb6+ 38. Kxb6 Rxd4 39. Rg5 h6 40. Rg1 Rd6+ 41. Kc5 Rg6 42. Rf1 Rg4 43. h5 Rh4 44. Kd6 Kf6 45. Kd7 Rxh5 46. Rd1 g5 47. Rd6+ Kf7 48. fxg5 hxg5 49. Re6 Rh7 50. Kd6 Rh1 51. Re7+ Kg6 52. Re6+ Kh5 53. Ke5 Kg4 54. Rb6 Bf3 55. Rb4+ f4 56. Kf6 Ra1 57. Rb3 Ra6+ 58. Ke5 Kg3 59. Kf5 Ra5+ 60. Kf6 g4 61. Rb1 Be2 62. Rb3+ f3 63. Kg7 Kg2 64. Rb2 Kf2 65. Rb6 g3 66. Rf6 g2 67. Rg6 g1=Q 68. Kh8 Qh2+ 69. Kg7 Qe5+ 70. Kf7 Ra7+ 71. Kg8 Qb8# 0-1

[Event "4NCL Online Division 6"]
[Site "online"]
[Date "2021.02.23"]
[EventDate "2021.02.23"]
[Round "3.122"]
[White "Wilson, Andrew B"]
[WhiteElo "1654"]
[WhiteTeam "Ashby Ivanhoe"]
[Black "JimÃ©nez PatiÃ±o, Manuel David"]
[BlackElo "1704"]
[BlackTeam "Cornish Pirates"]
[Result "1-0"]
[PlyCount "95"]

1. d4 c5 2. dxc5 e6 3. Nc3 Bxc5 4. Ne4 Be7 5. Nd6+ Bxd6 6. Qxd6 Ne7 7. e4 Ng6 8. Bd2 Qe7 9. Bb4 Nc6 10. Ba3 Qxd6 11. Bxd6 a6 12. Nf3 Nce7 13. Bc4 O-O 14. O-O Re8 15. a4 Nc6 16. a5 f6 17. Bb3 Nge5 18. Nxe5 Nxe5 19. Rfd1 Nf7 20. Ba4 Nxd6 21. Rxd6 Rd8 22. Rad1 Kf8 23. Rxe6 dxe6 24. Rxd8+ Ke7 25. Re8+ Kd6 26. c4 Kc7 27. Re7+ Kb8 28. Rxg7 h5 29. Rg8 Ka7 30. f3 f5 31. e5 b6 32. Rg7+ Bb7 33. Bc6 Rb8 34. axb6+ Kxb6 35. Rxb7+ Rxb7 36. Bxb7 Kxb7 37. Kf2 Kc6 38. Ke3 Kc5 39. Kd3 a5 40. b3 Kb4 41. Kc2 h4 42. g4 hxg3 43. hxg3 Kc5 44. Kc3 Kc6 45. Kd4 Kb6 46. g4 a4 47. bxa4 fxg4 48. fxg4 1-0

[Event "4NCL Online Division 6"]
[Site "online"]
[Date "2021.02.23"]
[EventDate "2021.02.23"]
[Round "3.123"]
[White "Steele, Beatrice"]
[WhiteElo "1612"]
[WhiteTeam "Cornish Pirates"]
[Black "Hayden, Lawrence F"]
[BlackElo "1653"]
[BlackTeam "Ashby Ivanhoe"]
[Result "1-0"]
[PlyCount "119"]

1. d4 Nf6 2. Nf3 g6 3. c4 Bg7 4. e3 O-O 5. Nc3 d5 6. cxd5 Nxd5 7. Qb3 Nb6 8. Be2 Be6 9. Qc2 c6 10. O-O N8d7 11. Na4 Nxa4 12. Qxa4 Nb6 13. Qc2 Qc7 14. Rd1 Rfd8 15. Bd2 Nd5 16. Bc4 Bg4 17. Bxd5 Rxd5 18. e4 Rd7 19. Be3 Rad8 20. d5 Bxf3 21. gxf3 cxd5 22. Qxc7 Rxc7 23. exd5 b6 24. Bf4 Rcd7 25. Rac1 Bxb2 26. Rc2 Bf6 27. Rcd2 Kg7 28. d6 e5 29. Bg3 h5 30. h3 h4 31. Bh2 Kh7 32. f4 exf4 33. Bxf4 g5 34. Bh2 Bg7 35. f4 f6 36. Kf2 Bf8 37. fxg5 fxg5 38. Kf3 Kg6 39. Kg4 Re8 40. Rc1 Re6 41. Rc7 Rd8 42. d7 Be7 43. Rc8 Kf7 44. Bc7 Re4+ 45. Kf3 Rf4+ 46. Bxf4 gxf4 47. Kxf4 Ke6 48. Rxd8 Bxd8 49. a4 a5 50. Ke4 Ke7 51. Kf4 Ke6 52. Kg4 Kf7 53. Kf5 Ke7 54. Ke5 Bc7+ 55. Ke4 Bd8 56. Rd4 Ke6 57. Kd3 Kf7 58. Kc4 Ke6 59. Kb5 Kf7 60. Kc6 1-0

[Event "4NCL Online Division 6"]
[Site "online"]
[Date "2021.02.23"]
[EventDate "2021.02.23"]
[Round "3.124"]
[White "Roberts, Neil J"]
[WhiteElo "1318"]
[WhiteTeam "Ashby Ivanhoe"]
[Black "Jones, Bryan"]
[BlackElo "1555"]
[BlackTeam "Cornish Pirates"]
[Result "1/2-1/2"]
[PlyCount "137"]

1. e4 e6 2. Nf3 d5 3. e5 c5 4. d4 cxd4 5. Nxd4 Nc6 6. Bb5 Bd7 7. O-O Nxe5 8. Bxd7+ Qxd7 9. Re1 Nc6 10. Nf3 Nf6 11. c3 Bd6 12. Bg5 Ne4 13. Bh4 O-O 14. Nbd2 Nxd2 15. Qxd2 Na5 16. b3 Qc7 17. Rac1 Bf4 18. Qc2 Bxc1 19. Rxc1 h6 20. Bg3 Qe7 21. Rd1 Rfd8 22. Bh4 g5 23. Bg3 Rab8 24. Qb2 Rbc8 25. Be5 f6 26. Bd4 Nc6 27. Qc2 Nxd4 28. Nxd4 e5 29. Nf5 Qf8 30. Ng3 d4 31. c4 b5 32. Nh5 f5 33. g4 bxc4 34. gxf5 d3 35. Qc3 Qxf5 36. Ng3 Qf4 37. bxc4 Rxc4 38. Qa5 Rcc8 39. Qxa7 Qf7 40. Qa6 d2 41. Qe2 Rc1 42. Nf1 Rxd1 43. Qxd1 Qxa2 44. Ne3 Ra8 45. Qg4 Qb1+ 46. Kg2 Qb7+ 47. Kg3 Qf7 48. Nf5 Kh7 49. Qe4 Qg6 50. Qb7+ Kh8 51. Qxa8+ Kh7 52. Qb7+ Kh8 53. Qc8+ Kh7 54. Qd7+ Kh8 55. Ne3 Qf6 56. Qxd2 Qf4+ 57. Kg2 Qe4+ 58. Kg1 Qb1+ 59. Nf1 Qf5 60. Qd8+ Kg7 61. Qe7+ Kh8 62. Ne3 Qb1+ 63. Kg2 Qe4+ 64. f3 Qxe3 65. Qf8+ Kh7 66. Qf5+ Kh8 67. Qf8+ Kh7 68. Qf5+ Kh8 69. Qf8+ 1/2-1/2